<?xml version="1.0" encoding="UTF-8"?>
<record
    xmlns:xsi="http://www.w3.org/2001/XMLSchema-instance"
    xsi:schemaLocation="http://www.loc.gov/MARC21/slim http://www.loc.gov/standards/marcxml/schema/MARC21slim.xsd"
    xmlns="http://www.loc.gov/MARC21/slim">

  <leader>07038nam a22004217a 4500</leader>
  <controlfield tag="001">BRCA_7031</controlfield>
  <controlfield tag="002">L-127</controlfield>
  <controlfield tag="003">FranzMayer</controlfield>
  <controlfield tag="005">20260401125952.0</controlfield>
  <controlfield tag="008">260401s1675    |||a|||gr|||| 00| | fre d</controlfield>
  <datafield tag="040" ind1=" " ind2=" ">
    <subfield code="a">BMFM</subfield>
    <subfield code="b">spa</subfield>
  </datafield>
  <datafield tag="041" ind1="0" ind2=" ">
    <subfield code="a">fre</subfield>
  </datafield>
  <datafield tag="050" ind1=" " ind2="0">
    <subfield code="a">D158 </subfield>
    <subfield code="b">.M35 1675 </subfield>
  </datafield>
  <datafield tag="100" ind1="1" ind2=" ">
    <subfield code="a">Maimbourg, Louis</subfield>
    <subfield code="d">(1610-1686) </subfield>
    <subfield code="9">30184</subfield>
  </datafield>
  <datafield tag="245" ind1="1" ind2="0">
    <subfield code="a">Histoire des croisades pour la delivrance de la terre sainte / </subfield>
    <subfield code="c">Louis Maimbourg</subfield>
  </datafield>
  <datafield tag="260" ind1=" " ind2=" ">
    <subfield code="a">Paris, Francia : </subfield>
    <subfield code="b">S&#xE9;bastien Mabre-Cramoisy &#x2013; &#x201C;chez S&#xE9;bastien Mabre-Cramoisy, rue Saint&#x2011;Jacques, Paris&#x201D;  (S&#xE9;bastien Mabre-Cramoisy &#x2013; &#x201C;en casa de S&#xE9;bastien Mabre-Cramoisy, rue Saint-Jacques, Par&#xED;s") ;</subfield>
    <subfield code="c">1675</subfield>
  </datafield>
  <datafield tag="300" ind1=" " ind2=" ">
    <subfield code="a">[18], 652, [21] p&#xE1;ginas : </subfield>
    <subfield code="b">grabados ;</subfield>
    <subfield code="c">26 x 19 x 5 cm</subfield>
  </datafield>
  <datafield tag="520" ind1="3" ind2=" ">
    <subfield code="a">Obra hist&#xF3;rica escrita por el jesuita franc&#xE9;s Louis Maimbourg, una figura destacada de la Iglesia galicana y conocido por su oposici&#xF3;n al protestantismo. Publicada en Par&#xED;s por S&#xE9;bastien Mabre-Cramoisy, impresor del rey, esta cr&#xF3;nica narra de forma cronol&#xF3;gica los eventos de las Cruzadas desde el siglo XI hasta la ca&#xED;da de Acre (1291).</subfield>
    <subfield code="b">Con un enfoque cat&#xF3;lico y providencialista, Maimbourg examina las causas religiosas y pol&#xED;ticas de las Cruzadas, su desarrollo y consecuencias a lo largo del tiempo, presentando la liberaci&#xF3;n de la Tierra Santa como una misi&#xF3;n espiritual y pol&#xED;tica, as&#xED; como reforzando la supremac&#xED;a cat&#xF3;lica en un contexto de conflictos confesionales europeos, apelando a valores de unidad religiosa frente al Islam y al protestantismo. Asimismo, subraya el impacto que estas campa&#xF1;as tuvieron en el imaginario colectivo europeo, cuyo inter&#xE9;s perdur&#xF3; hasta finales del siglo XVII, cuando se firm&#xF3; la paz entre los Imperios otomano y Habsburgo.La obra goz&#xF3; de gran difusi&#xF3;n fue traducida al ingl&#xE9;s, espa&#xF1;ol, alem&#xE1;n e italiano, influyendo en la percepci&#xF3;n moderna de las Cruzadas.</subfield>
  </datafield>
  <datafield tag="563" ind1=" " ind2=" ">
    <subfield code="a">Otras referencias f&#xED;sicas: Encuadernaci&#xF3;n entera en piel. El papel del cuerpo del libro est&#xE1; formado por pulpa de trapo, hecho a mano, con marcas de verjurado y marcas de agua. El cuerpo del libro est&#xE1; formado por cuadernillos unidos mediante costura alternada y con libramiento sobre cinco soportes elevados de cordel; no es claro si los soportes son sencillos o dobles. Parece que las prolongaciones de los soportes se usaron para unir el cuerpo a la cartera, pero no fue posible determinarlo. El lomo es una reposici&#xF3;n, con restos adheridos del lomo previo. Lomera con cajo; el cajo podr&#xED;a ser contempor&#xE1;neo al lomo. Endose transversal de pergamino de re&#xFA;so, manuscrito con tinta ferrog&#xE1;lica. Parece ser un endose entero. Cabezadas tejidas con hilo azul perdidas. Cantos refinados, decorados con salpicado en rojo. Soportes de las tapas de cart&#xF3;n. Piel decorada, decoraci&#xF3;n con dorado en los restos del lomo original La casilla 2 tiene el t&#xED;tulo del libro grabado en dorado. Los cantos de las tapas est&#xE1;n decoradas con dorado. Texto impreso. Anotaci&#xF3;n con tinta ferrog&#xE1;lica en la contraguarda anterior</subfield>
  </datafield>
  <datafield tag="591" ind1=" " ind2=" ">
    <subfield code="a">Estado de conservaci&#xF3;n: Bueno</subfield>
  </datafield>
  <datafield tag="591" ind1=" " ind2=" ">
    <subfield code="b">Descripci&#xF3;n de conservaci&#xF3;n: Intervenido. Se hizo una reposici&#xF3;n del lomo, sobre el que se colocaron los restos del lomo original. Suciedad m&#xED;nima, hojas oxidadas, costura rota en algunos cuadernillos, fojas semisueltas, punta anterior de pie y puntas posteriores desnudas, ca&#xF1;uela anterior rota en la cofia de cabeza, abrasi&#xF3;n en la piel de las tapas, piel rigidizada</subfield>
  </datafield>
  <datafield tag="592" ind1=" " ind2=" ">
    <subfield code="a">Marcas adicionales: Exlibris de Franz Mayer. Nota manuscrita en la guarda [1. 63.]. Frontispicio aleg&#xF3;rico con dos personajes femeninos sosteniendo un cortinaje con el t&#xED;tulo de la obra. A la izquierda una mujer sostiene una antorcha encendida, s&#xED;mbolo asociado a la Fortaleza. A la derecha se representa a Prudencia, sosteniendo un espejo y una serpiente que rodea su brazo. Encabezando la escena hay una cartela con las siglas [IHS]&#x2014;acr&#xF3;nimo del nombre de Jes&#xFA;s en griego&#x2014; que se&#xF1;ala la filiaci&#xF3;n jesuita de la obra, como emblema distintivo de la Compa&#xF1;&#xED;a de Jes&#xFA;s. Marca topografica del impresor en la portada. Dedicatoria al rey ( p&#xE1;ginas [1]-[5]). Incluye: &lt;&lt;Sommaire des livres&gt;&gt; (p&#xE1;ginas [9] - [16]). Incluye un extracto del privilegio del rey: &lt;&lt; Par Lettres Patentes du Roy, donn&#xE9;es &#xE1; Saint Germain en Laye le 26. Janvier 1675. fign&#xE9;es, Desvieux, &amp; fcell&#xE9;es du grand Sceau de cire jaune, il est permis au Pere Lou&#xEF;s Maimvourg, de la Compagnie de Jesus, de faire imprimer par tel Imprimeur qu&#xB4;il agr&#xE9;ra, un Livre qu&#xB4;il a compos&#xE9;, &amp; intitul&#xE9;, L&#xB4;Histoire des Croisades pour la delivrance de la Terre Sainte, &amp; ce durant le tems &amp; espace de vingt ann&#xE9;es. Avec d&#xE9;fenfes &#xE0; toutes personnes d&#xB4;imprimer, ou faire imprimer ledit Livre fans le consentement dudit Pere, sous les peines port&#xE9;es par lesdites Lettres.Et ledit R. P. Maimbourg a ced&#xE9; le Privilege cy-deffus au fieur Sebestien Mabre-Cramoisy, Imprimeur du Roy, &amp; Directeur de l&#xB4;Impreur du Royale du Louvre.Registr&#xE9; sur le Livre de la Communaut&#xE9; des Libraires Imprimeurs de Paris l&#xB4;onzi&#xE9;nne jour de Mars mil six cens soixante - quinzer. Sign&#xE9;, D. Thierry.&gt;&gt;. Incluye: &lt;&lt;Permission du R. P. Provincial&gt;&gt; que menciona &lt;&lt;Je fouffign&#xE9; Provincial de la Compagnie de Jesus en la Province de France, permets au P. Lou&#xEF;s Maimbourg de faire imprimer par tel Imprimeur &amp; Libraire qu&#xB4;il voudra, L&#xB4;Historie des Croisades, par luy compos&#xE9;e, &amp; approuv&#xE9;e par trois Th&#xE9;ologiens de nostre Compagnie. Fait &#xE0; Paris le 8.  de Mars 1675.Signe, Estienne Dechamps.&gt;&gt; (p&#xE1;gina [17]). Incluye: &lt;&lt;Permission du R. P. Provincial&gt;&gt;: &lt;&lt;Je fouffign&#xE9; Provincial de la Compagnie de Jesus en la Province de France, permets au P. Lou&#xEF;s Maimbourg de faire imprimer par tel Imprimeur &amp; Libraire qu&#xB4;il voudra, L&#xB4;Historie des Croisades, par luy compos&#xE9;e, &amp; approuv&#xE9;e par trois Th&#xE9;ologiens de nostre Compagnie. Fait &#xE0; Paris le 8.  de Mars 1675. Signe, Estienne Dechamps.&gt;&gt; (p&#xE1;gina [17]). Incluye: &lt;&lt;Table des matieres &amp; des chofes plus remarquables contenu&#xEB;s dans ces six Livres de L&#xB4;Histoire des Croisades&gt;&gt; (p&#xE1;ginas [1] y [21]). Incluye 14 gravados. Texto en prosa </subfield>
  </datafield>
  <datafield tag="650" ind1="1" ind2="0">
    <subfield code="a">Crusades</subfield>
    <subfield code="y">Early works to 1800</subfield>
    <subfield code="9">30185</subfield>
  </datafield>
  <datafield tag="650" ind1="1" ind2="0">
    <subfield code="a">Holy Land</subfield>
    <subfield code="x">History</subfield>
    <subfield code="y">1099</subfield>
    <subfield code="y">1291</subfield>
    <subfield code="9">30186</subfield>
  </datafield>
  <datafield tag="650" ind1="1" ind2="0">
    <subfield code="a">Crusades</subfield>
    <subfield code="x">History</subfield>
    <subfield code="9">30187</subfield>
  </datafield>
  <datafield tag="650" ind1="1" ind2="0">
    <subfield code="a">Islam</subfield>
    <subfield code="x">Relations</subfield>
    <subfield code="x">Christianity</subfield>
    <subfield code="x">History</subfield>
    <subfield code="9">30188</subfield>
  </datafield>
  <datafield tag="650" ind1="1" ind2="0">
    <subfield code="a">Christianity and other religions</subfield>
    <subfield code="x">Islam</subfield>
    <subfield code="x">History</subfield>
    <subfield code="y">To 1500</subfield>
    <subfield code="9">30189</subfield>
  </datafield>
  <datafield tag="650" ind1="1" ind2="0">
    <subfield code="a">Catholic Church</subfield>
    <subfield code="x">Doctrines</subfield>
    <subfield code="x">History</subfield>
    <subfield code="y">To 150</subfield>
    <subfield code="9">30190</subfield>
  </datafield>
  <datafield tag="650" ind1="1" ind2="0">
    <subfield code="a">Illustrated books</subfield>
    <subfield code="y">17th century</subfield>
    <subfield code="z">France</subfield>
    <subfield code="9">30191</subfield>
  </datafield>
  <datafield tag="651" ind1=" " ind2="0">
    <subfield code="a">France</subfield>
    <subfield code="x">Historiography</subfield>
    <subfield code="y">17th century</subfield>
    <subfield code="9">30192</subfield>
  </datafield>
  <datafield tag="700" ind1="1" ind2=" ">
    <subfield code="a">Audran, Charles</subfield>
    <subfield code="d">(1594-1674)</subfield>
    <subfield code="e">grabador</subfield>
    <subfield code="9">30193</subfield>
  </datafield>
  <datafield tag="700" ind1="1" ind2=" ">
    <subfield code="a">Chauveau, Fran&#xE7;ois </subfield>
    <subfield code="d">(1613-1676)</subfield>
    <subfield code="e">grabador</subfield>
    <subfield code="9">30194</subfield>
  </datafield>
  <datafield tag="700" ind1="1" ind2=" ">
    <subfield code="a">Mabre-Cramoisy, S&#xE9;bastien</subfield>
    <subfield code="d">(1637-1687)</subfield>
    <subfield code="e">impresor</subfield>
    <subfield code="9">30195</subfield>
  </datafield>
  <datafield tag="856" ind1="4" ind2="1">
    <subfield code="q">TIF//PDF</subfield>
    <subfield code="u">https://bibliotecadigital.franzmayer.org.mx/items/5f3d9afd-af9b-4b9a-bac6-bf8b680a6a52</subfield>
    <subfield code="y">Biblioteca Museo Franz Mayer</subfield>
  </datafield>
  <datafield tag="902" ind1=" " ind2=" ">
    <subfield code="a">KH</subfield>
    <subfield code="a">FM</subfield>
    <subfield code="a">TV</subfield>
  </datafield>
  <datafield tag="942" ind1=" " ind2=" ">
    <subfield code="2">lcc</subfield>
    <subfield code="c">B</subfield>
  </datafield>
  <datafield tag="960" ind1=" " ind2=" ">
    <subfield code="a">CS-L2-N1</subfield>
  </datafield>
  <datafield tag="999" ind1=" " ind2=" ">
    <subfield code="c">11113</subfield>
    <subfield code="d">11113</subfield>
  </datafield>
  <datafield tag="952" ind1=" " ind2=" ">
    <subfield code="a">BRCA</subfield>
    <subfield code="b">BRCA</subfield>
    <subfield code="d">2026-04-01</subfield>
    <subfield code="f">CS-L2-N1</subfield>
    <subfield code="i">L-127</subfield>
    <subfield code="l">0</subfield>
    <subfield code="o">D158  .M35 1675 </subfield>
    <subfield code="p">LAR00009</subfield>
    <subfield code="r">2026-04-01 13:00:44</subfield>
    <subfield code="w">2026-04-01</subfield>
    <subfield code="y">B</subfield>
    <subfield code="0">0</subfield>
    <subfield code="1">0</subfield>
    <subfield code="2">lcc</subfield>
    <subfield code="5">2</subfield>
    <subfield code="7">0</subfield>
    <subfield code="8">LAR</subfield>
  </datafield>
</record>
